00375 a2200121 4500001001000000005001700010008004100027245003100068100002000099700003700119773008000156999001700236ART_4444620260410161939.0260409a 10aThe endogenous money stock1 aArestis, Philip1 aBiefang-Frisancho Mariscal, Iris0 tJournal of post Keynesian economicsg- Vol. 17, NÂș 4 (jun. 1995)wREV26226 c29288d29288